| 000 | 00635nam a22001577a 4500 | ||
|---|---|---|---|
| 003 | OSt | ||
| 005 | 20260304092149.0 | ||
| 008 | 260224b ||||| |||| 00| 0 eng d | ||
| 020 | _a978-629-94399-1-2 | ||
| 040 |
_bMal _cJabatan Mineral dan Geosains Malaysia |
||
| 100 | _aP.Geol.Abdul Hadi b Abdul Rahman,P.Geol.Mahat b Hj Sibon,P.Geol.Zaki b Alias,P.Geol.Khairul Nazri b Hj Yaakub,P.Geol Fakhruddin Afif b Fauzi,PGeol.Ledyhernando Taniou,P.Geol.Arda Anasha bt Jamil | ||
| 245 | _aKompendium Unsur Nadir Bumi (REE) | ||
| 264 |
_aPutrajaya _bJabatan Mineral dan Geosains Malaysia _c2025 |
||
| 300 | _aill95p .:15.21cm | ||
| 942 |
_2ddc _cBK |
||
| 999 |
_c27143 _d27143 |
||